| 000 | 00572nam a22001937a 4500 | ||
|---|---|---|---|
| 003 | SISC | ||
| 005 | 20170308133133.0 | ||
| 008 | 141002b xxu||||| |||| 00| 0 eng d | ||
| 020 | _a9789380642697 | ||
| 050 |
_aHF 5547 _b.Sh531 2012 |
||
| 100 | _aSharma, Piyush. | ||
| 245 |
_aA textbook of front office management / _cPiyush Sharma. |
||
| 260 |
_aDelhi : _bDominant Publishers & Distributors Ltd., _c2012. |
||
| 300 |
_a314 pages ; _c22 cm. |
||
| 500 | _aIncludes index. | ||
| 521 | _aBusiness Administration | ||
| 650 | _aOffice management. | ||
| 942 |
_2lcc _cBK _kFOR |
||
| 999 |
_c276002 _d276002 |
||